[Event "Illinois Open"]
[Site "Chicago, USA"]
[Date "1982.??.??"]
[Round "?"]
[White "Morris Giles"]
[Black "Glen Gratz"]
[Result "1-0"]
[WhiteElo "2203"]
[BlackElo "2138"]
[PlyCount "67"]
[EventDate "1982.??.??"]

1. e4 c5 2. Nf3 d6 3. d4 cxd4 4. Nxd4 Nf6 5. Nc3 a6 6. Bc4 e6 7. Bb3 b5 8. O-O
b4 9. Na4 Be7 10. f4 O-O 11. e5 dxe5 12. fxe5 Ne4 13. Be3 Qc7 14. Qg4 Qxe5 15.
Nf3 $1 Qf5 16. Qxf5 exf5 17. Nb6 Bb7 18. Nxa8 Bxa8 19. Ne5 g6 20. Bh6 Bf6 21.
Bxf8 Bxe5 22. Bxb4 Bxb2 23. Rad1 Nc6 24. Be1 Bd4+ 25. Bf2 Nxf2 26. Rxf2 Kg7 27.
Bd5 Bc5 28. Kf1 Bxf2 29. Kxf2 Kf8 30. Re1 g5 31. Re3 Bb7 32. Rb3 Na5 33. Bxb7
Nxb3 34. axb3 1-0

[Event "Midwest Masters"]
[Site "Chicago, USA"]
[Date "1982.12.??"]
[Round "5"]
[White "NM Morris Giles"]
[Black "NM Charles Lawton"]
[Result "1/2-1/2"]
[WhiteElo "2203"]
[BlackElo "2283"]
[PlyCount "65"]
[EventDate "1982.??.??"]

1. e4 d6 2. d4 Nf6 3. Bd3 g6 4. f4 Bg7 5. Nf3 O-O 6. O-O c5 7. c3 cxd4 8. cxd4
Nc6 9. Nc3 Bg4 10. Be3 Nd7 11. Be2 e5 12. dxe5 dxe5 13. f5 Bxf3 14. Rxf3 Nd4
15. Rh3 Nf6 16. g4 gxf5 17. exf5 Nd5 18. Nxd5 Qxd5 19. g5 f6 20. g6 hxg6 21.
fxg6 Rfd8 22. b3 Nxe2+ 23. Qxe2 f5 24. Qh5 f4 25. Rf1 Rd6 26. Qh7+ Kf8 27. Rhf3
Rf6 28. h4 Rc8 29. Bc1 Qe6 30. Ba3+ Ke8 31. h5 Qg4+ 32. Kh1 Qh4+ 33. Kg1
1/2-1/2

[Event "Chess Mates Closed"]
[Site "Chicago, USA"]
[Date "1983.??.??"]
[Round "?"]
[White "Morris Giles"]
[Black "David Rubin"]
[Result "1-0"]
[WhiteElo "2341"]
[BlackElo "2271"]
[PlyCount "63"]
[EventDate "1983.??.??"]

1. e4 e6 2. d4 d5 3. Nc3 Bb4 4. e5 c5 5. Qg4 Ne7 6. Nf3 Nbc6 7. Bb5 O-O 8. O-O
cxd4 9. Ne2 Qc7 10. Qh5 Ng6 11. Bd3 Be7 12. a3 h6 13. Bf4 Nxf4 14. Nxf4 f5 15.
Ng6 Rf7 16. Kh1 Bd7 17. g4 fxg4 18. Qxg4 Bf8 19. Rae1 Ne7 20. Nxd4 Qb6 21. b3
Nxg6 22. Bxg6 Re7 23. Re3 Be8 24. Bd3 a6 25. Rh3 Kh8 26. Rg1 Bf7 27. Qf4 Bg8
28. Rxh6+ gxh6 29. Qf6+ Bg7 (29... Rg7 30. Qxh6+ Bh7 (30... Rh7 31. Rxg8+ Kxg8
32. Qxh7#) 31. Rxg7) 30. Qxe7 Bxe5 31. Rxg8+ Kxg8 32. Nxe6 1-0

[Event "Chess Mates Closed"]
[Site "Chicago, USA"]
[Date "1983.??.??"]
[Round "?"]
[White "NM Morris Giles"]
[Black "NM Albert Chow"]
[Result "0-1"]
[WhiteElo "2341"]
[BlackElo "2333"]
[PlyCount "50"]
[EventDate "1983.??.??"]

1. e4 e5 2. f4 exf4 3. Nf3 d5 4. exd5 Nf6 5. Bc4 Nxd5 6. O-O Be7 7. d4 Be6 8.
Bxd5 Bxd5 9. Ne5 f6 10. Nf3 Nc6 11. Nbd2 O-O 12. Kh1 Qd7 13. c4 Bf7 14. d5 Ne5
15. Qe2 c6 16. Nxe5 fxe5 17. Nf3 Bd6 18. Nxe5 Bxe5 19. Qxe5 Rae8 20. Qd4 f3 21.
gxf3 Bh5 22. Bf4 Qh3 23. Bg3 Bxf3+ 24. Rxf3 Rxf3 25. Rg1 Rxg3 0-1

[Event "Chess Mates Closed"]
[Site "Chicago, USA"]
[Date "1983.12.??"]
[Round "?"]
[White "NM Peter Pelts"]
[Black "NM Morris Giles"]
[Result "1-0"]
[WhiteElo "2341"]
[BlackElo "2333"]
[PlyCount "55"]
[EventDate "1983.??.??"]

1. e4 c5 2. Nf3 d6 3. d4 cxd4 4. Qxd4 Nc6 5. Bb5 Bd7 6. Bxc6 Bxc6 7. Nc3 Nf6 8.
Bg5 Qa5 9. O-O-O Qc5 10. Rhe1 Ng4 11. Qxc5 dxc5 12. h3 h6 13. hxg4 hxg5 14.
Nxg5 Rh4 15. f3 Rh2 16. Rh1 Rxg2 17. Nh7 f6 18. Nxf8 Kf7 19. Nd7 b6 20. e5 Bxf3
21. e6+ Kg6 22. Rdf1 Bxg4 23. Nd5 Kg5 24. Rh7 Rxc2+ 25. Kxc2 Bf5+ 26. Rxf5+
Kxf5 27. Rxg7 Kxe6 28. Nc7+ 1-0

[Event "Chess Mates Invitational"]
[Site "?"]
[Date "1983.12.??"]
[Round "?"]
[White "Kornfeld, Allen"]
[Black "Giles, Morris"]
[Result "0-1"]
[WhiteElo "2228"]
[BlackElo "2341"]
[PlyCount "77"]
[EventDate "1983.??.??"]

1. c4 f5 2. Nc3 Nf6 3. g3 g6 4. Bg2 Bg7 5. e3 O-O 6. Nge2 d6 7. d3 e5 8. Rb1 a5
9. a3 Nh5 10. O-O c6 11. f4 Be6 12. b4 axb4 13. axb4 exf4 14. gxf4 d5 15. cxd5
cxd5 16. Qb3 Nf6 17. Bd2 Bf7 18. d4 Nbd7 19. Ra1 Nb6 20. Rxa8 Qxa8 21. Rb1 Re8
22. Bc1 Nc4 23. Nd1 Qd8 24. h3 Ne4 25. Qd3 Qh4 26. Ra1 Qe1+ 27. Kh2 Qxb4 28.
Rb1 Qe7 29. Nec3 g5 30. fxg5 Qxg5 31. Nxe4 fxe4 32. Qe2 Bh5 33. Qe1 Re7 34. Nf2
Bf8 35. Rb5 Rg7 36. Ng4 Be8 37. Rxd5 Bd6+ 38. Kh1 Qg6 39. Bxe4 0-1

[Event "Illinois Clas Champ."]
[Site "Chicago, USA"]
[Date "1983.??.??"]
[Round "?"]
[White "FM Morris Giles"]
[Black "FM Jonathan Yedidia"]
[Result "1-0"]
[WhiteElo "2363"]
[BlackElo "2400"]
[PlyCount "55"]
[EventDate "1983.??.??"]

1. e4 e6 2. d4 d5 3. Nc3 Bb4 4. e5 Qd7 5. Bd2 b6 6. Nh3 Bf8 7. Nf4 Ba6 8. Bxa6
Nxa6 9. O-O Ne7 10. Nh5 c5 11. Ne2 Nf5 12. c3 Nb8 13. Neg3 Nc6 14. Nxf5 exf5
15. dxc5 bxc5 16. Bg5 Nd8 17. Bxd8 Rxd8 18. Re1 Qc6 19. Qf3 Qg6 20. Rad1 Qg4
21. Nf6+ gxf6 22. exf6+ Qe4 23. Qxf5 Be7 24. Rxe4 dxe4 25. Re1 Bd6 26. Rxe4+
Kf8 27. Qg5 Bf4 28. Qg7# 1-0

[Event "Lake County Open"]
[Site "Chicago, USA"]
[Date "1983.12.03"]
[Round "2"]
[White "Lester Van Meter"]
[Black "Morris Giles"]
[Result "0-1"]
[WhiteElo "2353"]
[BlackElo "2437"]
[PlyCount "74"]
[EventDate "1983.??.??"]

1. d4 Nf6 2. c4 g6 3. Nc3 Bg7 4. e4 d6 5. Be2 O-O 6. Nf3 e5 7. O-O Nc6 8. d5
Ne7 9. Ne1 Ne8 10. f3 f5 11. g4 Nf6 12. Nd3 c6 13. Be3 a5 14. h3 b5 $1 15. cxb5
cxd5 16. exd5 Kh8 17. Ne1 Bb7 18. Bc4 Qc8 19. b3 e4 $1 20. fxe4 fxg4 21. h4 g3
22. Kg2 Nxe4 $1 23. Nxe4 Rxf1 24. Nxd6 Qf8 25. Bd4 Rf2+ 26. Kg1 Nf5 27. Nxf5
Rxf5 28. Ng2 Rd8 29. Ne3 Rf4 30. Bxg7+ Qxg7 31. Rc1 Rxh4 32. Qf3 Qe5 33. Rf1
Re4 34. Qf7 Rxe3 35. Qxb7 g2 36. Rf7 Re1+ 37. Kxg2 Qg5+ 0-1

[Event "Tim Just's Open"]
[Site "Chicago, USA"]
[Date "1985.??.??"]
[Round "?"]
[White "Morris Giles"]
[Black "Scott Zingheim"]
[Result "1-0"]
[WhiteElo "2345"]
[BlackElo "2246"]
[PlyCount "57"]
[EventDate "1985.??.??"]

1. e4 c5 2. Nf3 Nc6 3. Nc3 Nf6 4. Bb5 g6 5. O-O Bg7 6. e5 Ng4 7. Bxc6 dxc6 8.
Re1 O-O 9. d3 Nh6 10. Ne4 b6 11. h3 f6 12. exf6 exf6 13. Bf4 Nf7 14. c3 Ba6 15.
d4 cxd4 16. Nxd4 f5 17. Nd6 g5 18. Ne6 Qf6 19. Nxf8 gxf4 20. Nxf7 Bxf8 21. Ne5
Bb7 22. Qb3+ Kh8 23. Rad1 c5 24. Rd7 Be4 25. Nf7+ Kg7 26. Ng5+ Kh6 27. Nxe4 Qe5
28. Qf7 Bg7 29. Rd6+ 1-0

[Event "Greater Midwest"]
[Site "Chicago, USA"]
[Date "1986.07.??"]
[Round "5"]
[White "Morris Giles"]
[Black "George Umezinwa"]
[Result "1-0"]
[WhiteElo "2435"]
[BlackElo "2174"]
[PlyCount "109"]
[EventDate "1986.??.??"]

1. e4 e6 2. d4 d5 3. Nc3 Bb4 4. e5 c5 5. a3 Bxc3+ 6. bxc3 Nc6 7. Qg4 Nge7 8.
Nf3 Qc7 9. Bd2 O-O 10. Bd3 Nf5 11. O-O Nce7 12. dxc5 Qxc5 13. Rfe1 Bd7 14. c4
a5 15. cxd5 Nxd5 16. c4 Nde7 17. Ng5 Qc7 18. Qh5 h6 19. Ne4 Ng6 20. Nf6+ $5
gxf6 21. exf6 Qd8 22. Bxf5 Qxf6 23. Be4 Bc6 24. Bxc6 bxc6 25. Rac1 Rfd8 26.
Qxh6 Qh8 27. Qg5 Rd3 28. Rxe6 Qd4 29. Re2 Rxa3 30. Be3 Qe4 31. Rd2 Re8 32. Rd4
Qe5 33. h4 Qxg5 34. Bxg5 a4 35. h5 Nf8 36. c5 Ne6 37. Rg4 Kh7 38. Be3 Rg8 39.
Rb4 Ra2 40. Rb7 Kg7 41. Rc4 Ra1+ 42. Kh2 Ra8 43. h6+ Kg6 44. Rg4+ Kf5 45. f3 f6
46. h7 Ng5 47. Rxg5+ fxg5 48. Bd4 Rc1 49. Ra7 Rxa7 50. h8=Q Kg6 51. Qg8+ Kh6
52. Be3 Rc2 53. Bxg5+ Kh5 54. Bf4 Rxc5 55. Qg4# 1-0

[Event "Greater Midwest Championship"]
[Site "?"]
[Date "1986.07.20"]
[Round "5"]
[White "Stein, Kurt"]
[Black "Giles, Morris"]
[Result "0-1"]
[WhiteElo "2270"]
[BlackElo "2435"]
[PlyCount "68"]
[EventDate "1986.??.??"]

1. e4 c5 2. Nc3 d6 3. Nf3 Nf6 4. d4 cxd4 5. Nxd4 e6 6. Be3 Be7 7. f4 O-O 8. Qf3
Nc6 9. Nb3 a5 10. a4 Nb4 11. O-O-O Bd7 12. g4 d5 13. e5 Ne4 14. Bb5 Nxc3 15.
bxc3 Na6 16. Bd4 Nc7 17. Bd3 Bxa4 18. Qh3 g6 19. Qh6 Re8 20. Nc5 Bc6 21. Rdf1
b6 22. Nb3 a4 23. Na1 Bb5 24. Bxb6 Bxd3 25. cxd3 Rb8 26. Be3 Bf8 27. Qh3 Nb5
28. f5 exf5 29. gxf5 Qc8 30. e6 Qxc3+ 31. Nc2 Rec8 32. Rf2 Qxd3 33. exf7+ Kh8
34. Rd2 Rxc2+ 0-1

[Event "Tournament of Champions II"]
[Site "Chicago, USA"]
[Date "1987.10.??"]
[Round "?"]
[White "FM Morris Giles"]
[Black "FM Eugene Martinovsky"]
[Result "1-0"]
[WhiteElo "2449"]
[BlackElo "2440"]
[PlyCount "53"]
[EventDate "1987.??.??"]

1. e4 e5 2. f4 Bc5 3. Nf3 d6 4. c3 Nf6 5. d4 exd4 6. cxd4 Bb4+ 7. Bd2 Bxd2+ 8.
Nbxd2 O-O 9. Bd3 Re8 10. O-O c5 11. d5 c4 12. Nxc4 Nxe4 13. Qc2 Nf6 14. Rae1
Rxe1 15. Rxe1 Na6 16. Ng5 g6 17. Qd2 Nc5 18. Re2 h6 19. b4 hxg5 20. bxc5 gxf4
21. Nxd6 b6 22. Qxf4 Kg7 23. Re8 Qc7 24. c6 Nh5 25. Qe5+ f6 26. Re7+ Kg8 27.
Rxc7 1-0

[Event "1988 U.S. Open"]
[Site "Boston, MA"]
[Date "1988.08.??"]
[Round "6"]
[White "Shainswit, George"]
[Black "Giles, Morris"]
[Result "0-1"]
[WhiteElo "2228"]
[BlackElo "2451"]
[PlyCount "70"]
[EventDate "1988.??.??"]

1. d4 Nf6 2. c4 g6 3. Nc3 Bg7 4. e4 d6 5. f3 O-O 6. Be3 a6 7. Bd3 Nc6 8. Nge2
Nd7 9. O-O e5 10. Bc2 exd4 11. Nxd4 Nde5 12. b3 Nxd4 13. Bxd4 c5 14. Bxe5 Bxe5
15. Qe1 b5 16. Rc1 Qa5 17. Bd3 b4 18. Na4 Bd7 19. Bc2 Rae8 20. Qh4 Qc7 21. Rcd1
Kg7 22. Kh1 f5 23. Qf2 f4 24. Bb1 g5 25. Nb2 g4 26. fxg4 Bxg4 27. Rd2 Kh8 28.
Qh4 Qg7 29. Nd3 Bf6 30. Qf2 Bd4 31. Qe1 f3 32. g3 Bh3 33. Rff2 Bg2+ 34. Rxg2
fxg2+ 35. Rxg2 Rxe4 0-1

[Event "1988 U.S. Open"]
[Site "Boston, MA"]
[Date "1988.08.??"]
[Round "8"]
[White "Benjamin, Joel"]
[Black "Giles, Morris"]
[Result "1-0"]
[WhiteElo "2691"]
[BlackElo "2451"]
[PlyCount "49"]
[EventDate "1988.??.??"]

1. e4 c5 2. Nf3 d6 3. d4 cxd4 4. Nxd4 Nf6 5. Nc3 e6 6. g4 a6 7. g5 Nfd7 8. Be3
b5 9. a3 Bb7 10. Qg4 Ne5 11. Qh3 Nbc6 12. Nxc6 Nxc6 13. g6 Rc8 14. O-O-O Qf6
15. gxf7+ Qxf7 16. Be2 b4 17. axb4 Nxb4 18. Bg4 Ke7 19. Rhe1 h5 20. Rd4 a5 21.
e5 d5 22. Bg5+ Kd7 23. Rf4 Qg6 24. Bxe6+ Kc7 25. Qf5 1-0

[Event "Prairie State M/X"]
[Site "Chicago, USA"]
[Date "1988.??.??"]
[Round "?"]
[White "Kevin Gensler"]
[Black "FM Morris Giles"]
[Result "0-1"]
[WhiteElo "2154"]
[BlackElo "2451"]
[PlyCount "50"]
[EventDate "1988.??.??"]

1. e4 c5 2. Nf3 d6 3. d4 cxd4 4. Nxd4 Nf6 5. Nc3 e6 6. Be2 a6 7. O-O Be7 8. f4
O-O 9. Kh1 Nc6 10. Be3 Bd7 11. a4 Qc7 12. Qe1 Rac8 13. Qg3 Kh8 14. Rad1 Nb4 15.
e5 Nfd5 16. Nf5 exf5 17. Nxd5 Nxd5 18. Rxd5 Qxc2 19. exd6 Bf6 20. Rd2 Qxa4 21.
Bf3 Rfe8 22. Bxb7 Qb5 23. Qf3 Rxe3 24. Bxc8 Rxf3 25. Rxf3 Bxc8 0-1

[Event "Prairie State M/X"]
[Site "Chicago, USA"]
[Date "1988.??.??"]
[Round "?"]
[White "Morris Giles"]
[Black "Jon Gotz"]
[Result "1-0"]
[WhiteElo "2451"]
[BlackElo "2125"]
[PlyCount "103"]
[EventDate "1988.??.??"]

1. e4 c5 2. Nf3 Nc6 3. d4 cxd4 4. Nxd4 Nf6 5. Nc3 e5 6. Ndb5 d6 7. Bg5 a6 8.
Bxf6 gxf6 9. Na3 b5 10. Nd5 f5 11. c3 Bg7 12. exf5 Bxf5 13. Nc2 O-O 14. Nce3
Be6 15. g3 f5 16. Bh3 Ra7 17. O-O Raf7 18. f4 Ne7 19. Rf2 Nxd5 20. Nxd5 Kh8 21.
a4 bxa4 22. Rxa4 a5 23. Qd3 e4 24. Qd1 Rb7 25. Rxe4 fxe4 26. Bxe6 Qb8 27. Qe2
a4 28. f5 Be5 29. Kg2 e3 30. Nxe3 a3 31. bxa3 Bxc3 32. Nc4 Bd4 33. Rf3 Rb1 34.
Qe4 Rg1+ 35. Kh3 Bf6 36. Rd3 Qe8 37. Qg4 Qa8 38. Bd5 Qb8 39. Rd1 Rxd1 40. Qxd1
Qc7 41. a4 Qc5 42. a5 Bd4 43. Qf3 Rf6 44. Qe4 Be5 45. Nxe5 dxe5 46. Qxe5 Qf8
47. a6 Qh6+ 48. Kg4 Qg7+ 49. Kf4 h5 50. Qe8+ Kh7 51. Qxh5+ Rh6 52. Qf7 1-0

[Event "U.S. Open"]
[Site "Boston, USA"]
[Date "1988.08.??"]
[Round "2"]
[White "Morris Giles"]
[Black "Novag X (comp)"]
[Result "1-0"]
[WhiteElo "2451"]
[BlackElo "2096"]
[PlyCount "73"]
[EventDate "1988.??.??"]

1. e4 e5 2. f4 exf4 3. Nf3 g5 4. h4 g4 5. Ne5 Nf6 6. d4 d6 7. Nd3 Nxe4 8. Bxf4
Qe7 9. Be2 Bg7 10. Nd2 Bxd4 11. c3 Bxc3 12. Qb3 Bxd2+ 13. Bxd2 Ng3 14. Kf2
Qxe2+ 15. Kxg3 Qxd2 16. Rae1+ Kf8 17. Rhf1 f5 18. Nf4 Nc6 19. Ne6+ Bxe6 20.
Qxe6 Qd3+ 21. Kh2 g3+ 22. Kh3 Kg7 23. Qd7+ Kg8 24. Rxf5 Qxf5+ 25. Qxf5 Ne5 26.
Re3 h5 27. Rxg3+ Ng4 28. Qg6+ Kf8 29. Rf3+ Ke7 30. Rf7+ Kd8 31. Qg7 Nf2+ 32.
Kh2 Ng4+ 33. Kg3 Re8 34. Rd7+ Kc8 35. Rxc7+ Kb8 36. Rxb7+ Kc8 37. Qc7# 1-0

[Event "U.S. Open"]
[Site "Boston, USA"]
[Date "1988.08.03"]
[Round "7"]
[White "Morris Giles"]
[Black "GM Alexander Ivanov"]
[Result "1-0"]
[WhiteElo "2451"]
[BlackElo "2594"]
[PlyCount "89"]
[EventDate "1988.??.??"]

1. e4 c5 2. Nf3 d6 3. d4 cxd4 4. Nxd4 Nf6 5. Nc3 Nc6 6. Bc4 Qb6 7. Nde2 e6 8.
O-O Be7 9. Bb3 a6 10. Bg5 Bd7 11. Bxf6 gxf6 12. Kh1 Na5 13. f4 Nxb3 14. axb3 h5
15. f5 O-O-O 16. Nf4 Rdg8 17. Qe2 Kb8 18. b4 d5 19. exd5 e5 20. Nd3 h4 21. h3
Rh7 22. Nc5 Bc8 23. N3e4 Rhg7 24. Rf2 Qxb4 25. c3 Qb6 26. b4 Rd8 27. Qa2 Rg3
28. Nxg3 hxg3 29. Rf3 Bxc5 30. bxc5 Qxc5 31. c4 Qd4 32. Raf1 Rg8 33. Qb3 Rg5
34. Rb1 Qe4 35. c5 a5 36. c6 a4 37. Qb6 Qxd5 38. cxb7 Bxb7 39. Qxf6 Rg8 40. Re1
a3 41. Qh4 a2 42. Rxg3 Rc8 43. Qa4 Qd2 44. Qd1 Qxd1 45. Rxd1 {Time} 1-0

[Event "U.S. Open"]
[Site "Boston, USA"]
[Date "1988.08.??"]
[Round "11"]
[White "GM Lev Alburt"]
[Black "Morris Giles"]
[Result "1/2-1/2"]
[WhiteElo "2617"]
[BlackElo "2451"]
[PlyCount "98"]
[EventDate "1988.??.??"]

1. d4 Nf6 2. c4 g6 3. Nc3 Bg7 4. e4 d6 5. Be2 O-O 6. Bg5 c5 7. d5 h6 8. Bf4 e6
9. dxe6 Bxe6 10. Qd2 Nc6 11. Bxh6 Bxh6 12. Qxh6 Qa5 13. h4 Nxe4 14. Rc1 Nd4 15.
Kf1 Nxc3 16. Rxc3 Nf5 17. Qd2 Qxa2 18. h5 Qb1+ 19. Rc1 Qe4 20. Nf3 Nd4 21. Nxd4
Qxd4 22. Qxd4 cxd4 23. hxg6 fxg6 24. Rh4 d5 25. c5 Kg7 26. Rxd4 Rh8 27. Kg1 Kf6
28. Bf3 Rh7 29. g3 g5 30. b4 a5 31. Re1 axb4 32. Rxb4 Ra6 33. Rd4 Rd7 34. Red1
Ke5 35. Bg2 Ra5 36. f4+ Kf6 37. fxg5+ Kxg5 38. Bxd5 Bf5 39. Rc1 Be6 40. Rcd1
Bf5 41. g4 Bc2 42. Bg2 Rxd4 43. Rxd4 Rxc5 44. Bxb7 Bb3 45. Kf2 Rc4 46. Rd3 Rf4+
47. Bf3 Be6 48. Kg3 Bxg4 49. Rd5+ Rf5 1/2-1/2

[Event "U.S. Open"]
[Site "Boston, USA"]
[Date "1988.08.??"]
[Round "12"]
[White "GM Andrew Soltis"]
[Black "Morris Giles"]
[Result "1/2-1/2"]
[WhiteElo "2529"]
[BlackElo "2451"]
[PlyCount "71"]
[EventDate "1988.??.??"]

1. e4 c5 2. Nc3 d6 3. Nge2 Nc6 4. d4 cxd4 5. Nxd4 e6 6. Bc4 Nf6 7. Bb3 Be7 8.
Be3 O-O 9. Qe2 a6 10. O-O-O Qc7 11. Rhg1 b5 12. g4 b4 13. Nxc6 bxc3 14. Nxe7+
Qxe7 15. Bd4 cxb2+ 16. Bxb2 Bb7 17. e5 dxe5 18. Qxe5 Rfc8 19. g5 Ne8 20. Rd3
Rc5 21. Qe3 Qc7 22. g6 hxg6 23. Rxg6 Bd5 24. Rxd5 exd5 25. Rxg7+ Nxg7 26. Qd4
Kf8 27. Qxg7+ Ke7 28. Qf6+ Kd7 29. Ba4+ Kc8 30. Be5 Qd8 31. Qxf7 Rb8 32. Bd7+
Qxd7 33. Qf8+ Kb7 34. Qxb8+ Kc6 35. Qa8+ Qb7 36. Qe8+ 1/2-1/2

[Event "U.S. Open - Boston"]
[Site "Boston, USA"]
[Date "1988.08.??"]
[Round "10"]
[White "FM Morris Giles"]
[Black "GM Walter Browne"]
[Result "1-0"]
[WhiteElo "2451"]
[BlackElo "2617"]
[PlyCount "51"]
[EventDate "1988.??.??"]

1. e4 c5 2. Nf3 d6 3. d4 cxd4 4. Nxd4 Nf6 5. Nc3 a6 6. Bg5 e6 7. f4 Be7 8. Qf3
Nbd7 9. Bc4 h6 10. Bxf6 Bxf6 11. O-O-O Qb6 12. Nxe6 fxe6 13. Bxe6 Nf8 14. Bb3
Be6 15. e5 dxe5 16. fxe5 Bg5+ 17. Kb1 Rd8 18. h4 Be7 19. Ba4+ Nd7 20. Nd5 Qa5
21. Rhf1 Rf8 22. Qh5+ Rf7 23. Bb3 g6 24. Qxg6 Nf8 25. Nc7+ Qxc7 26. Qxf7+ 1-0

[Event "US Open"]
[Site "Chicago, Illinois"]
[Date "1989.08.??"]
[Round "7"]
[White "Morris Giles"]
[Black "Todd Southam"]
[Result "1-0"]
[WhiteElo "2355"]
[BlackElo "2280"]
[PlyCount "101"]
[EventDate "1989.??.??"]

1. e4 e6 2. d4 d5 3. Nc3 Bb4 4. e5 Ne7 5. a3 Bxc3+ 6. bxc3 c5 7. Nf3 Qa5 8. Bd2
Bd7 9. a4 c4 10. Ng5 h6 11. Nh3 Bxa4 12. Nf4 g6 13. g3 Na6 14. Qc1 b5 15. Bh3
Nc7 16. O-O Qb6 17. Ra2 Qc6 18. Qa1 O-O-O 19. Bc1 Rdg8 20. Ba3 Kd7 21. Bc5 Nc8
22. Ng2 a5 23. Ne3 h5 24. Bg2 Na6 25. Nxc4 Nxc5 26. dxc5 Qxc5 27. Nxa5 Ke7 28.
Nb3 Bxb3 29. cxb3 Kf8 30. Re1 h4 31. b4 Qe7 32. Ra5 hxg3 33. hxg3 Rh5 34. Rxb5
Kg7 35. Qa6 Qg5 36. Rc5 Ne7 37. Rc7 Rgh8 38. Qa7 Rh2 39. Rxe7 Qf5 40. Qd4 Rxg2+
41. Kxg2 Qh3+ 42. Kf3 Rh5 43. Ra7 Rf5+ 44. Ke2 Qg2 45. Qe3 g5 46. Raa1 d4 47.
cxd4 Qc6 48. Ra5 Qc4+ 49. Kd1 g4 50. Rh1 Qc6 51. Qh6+ 1-0